000
00202 a2200097 4500
001
47631
100
_a
Brown H
245
_a
The Balloon
260
_a
London
_b
Macmillan & Co
_c
090
_c
30643
_d
30643
942
_a
NUST-CAE
_c
M
_c
22940
999
_c
282704
_d
282704